[Event "AUS Masters GM"]
[Site "Melbourne AUS"]
[Date "2013.12.20"]
[Round "7.2"]
[White "Cheng,Bo"]
[Black "Papin,V"]
[Result "0-1"]
[WhiteElo "2440"]
[BlackElo "2514"]

1.d4 Nf6 2.c4 e6 3.Nc3 Bb4 4.f3 c5 5.d5 d6 6.e4 O-O 7.Ne2 b5 8.Nf4 e5 9.Ne2 Nh5
10.g4 Qh4+ 11.Kd2 Nf4 12.Nxf4 exf4 13.Kc2 bxc4 14.Bxc4 Ba6 15.Bxa6 Nxa6 16.Bxf4 c4
17.Qd4 Rfc8 18.a3 Bc5 19.Qd2 Qe7 20.h4 Rab8 21.g5 Rb3 22.Ra2 Rcb8 23.Rh2 Nc7
24.Qe2 Nb5 25.Nxb5 R8xb5 26.Bd2 Rd3 27.Bc3 Rb3 28.e5 Qb7 29.Bb4 Qxd5 30.exd6 Re3
31.Qd2 Rbd3 32.Qg2 Bxb4 33.axb4 Qf5 34.Qg4 Rc3+ 35.Kd1 Qb1+  0-1

[Event "16th Padova Open A 2013"]
[Site "Padova ITA"]
[Date "2013.12.20"]
[Round "7.5"]
[White "Moskalenko,V1"]
[Black "Bruno,Fabi"]
[Result "0-1"]
[WhiteElo "2538"]
[BlackElo "2414"]

1.d4 Nf6 2.c4 e6 3.Nc3 Bb4 4.f3 c5 5.d5 O-O 6.e4 d6 7.Ne2 b5 8.Ng3 exd5 9.cxd5 a6
10.Be2 Nbd7 11.O-O c4 12.Kh1 Re8 13.a4 Rb8 14.axb5 axb5 15.Nf5 Ne5 16.Nd4 Bd7
17.Bg5 Qb6 18.Nc2 Bc5 19.Qd2 Ra8 20.Rxa8 Rxa8 21.f4 Neg4 22.Bxf6 Nxf6 23.e5 Ne8
24.Ne4 Rd8 25.e6 fxe6 26.Ng5 Nf6 27.dxe6 Be8 28.Bf3 d5 29.f5 h6 30.e7 Bxe7
31.Ne6 Rd7 32.Ncd4 Bf7 33.g4 Ne4 34.Qg2 Bf6 35.Ne2 Bxe6 36.fxe6 Qxe6 37.Nf4 Qe5
38.Nxd5 Rxd5 39.Bxe4 Rd2 40.Qxd2 Qxe4+ 41.Kg1 Qxg4+ 42.Kh1 Qe4+ 43.Kg1 Bd4+
44.Rf2 Qe3  0-1

[Event "20th Zadar Open A 2013"]
[Site "Zadar CRO"]
[Date "2013.12.20"]
[Round "8.16"]
[White "Bilobrk,F"]
[Black "Matko,O"]
[Result "0-1"]
[WhiteElo "2390"]
[BlackElo "2267"]

1.d4 Nf6 2.c4 e6 3.Nc3 Bb4 4.f3 d5 5.a3 Bxc3+ 6.bxc3 c5 7.cxd5 exd5 8.e3 Nc6
9.Bd3 O-O 10.Ne2 Re8 11.O-O Qd6 12.Ng3 Bd7 13.Kh1 Rac8 14.Ra2 cxd4 15.cxd4 Na5
16.Bf5 Bb5 17.Bxc8 Bxf1 18.Nxf1 Rxc8 19.Rc2 Nc4 20.Qd3 b5 21.g4 a5 22.Ng3 g6
23.e4 Qe6 24.e5 Nd7 25.Ne2 b4 26.axb4 axb4 27.Nf4 Qc6 28.e6 Nf8 29.e7 Ne6
30.Nxd5 Qxd5 31.Rxc4 Re8 32.Rxb4 Rxe7 33.Rb8+ Kg7 34.Qe4 Qc4 35.Qe5+ f6 36.Qe1 Qd3
37.h3 Qxf3+ 38.Kg1 Qxh3 39.g5 Qg4+ 40.Kh2 Rc7 41.gxf6+ Kf7 42.Qe3 Rc2+ 43.Bd2 Qxd4
44.Rb7+ Kxf6 45.Qf3+ Nf4 46.Rb6+ Kg7 47.Rb7+ Kh6 48.Kg3 Rxd2 49.Qxf4+ Qxf4+
50.Kxf4  0-1

[Event "WYCC U18 Open 2013"]
[Site "Al-Ain UAE"]
[Date "2013.12.21"]
[Round "5.18"]
[White "Grover,S"]
[Black "Prince,Ba"]
[Result "1/2-1/2"]
[WhiteElo "2485"]
[BlackElo "2227"]

1.d4 Nf6 2.c4 e6 3.Nc3 Bb4 4.f3 d5 5.a3 Bxc3+ 6.bxc3 c5 7.cxd5 Nxd5 8.dxc5 Qa5
9.e4 Ne7 10.Be3 O-O 11.Qd2 Rd8 12.Qb2 e5 13.Bc4 Na6 14.Ne2 Nxc5 15.Qb4 Nd3+
16.Bxd3 Qxb4 17.axb4 Rxd3 18.Rxa7 Rxa7 19.Bxa7 Be6 20.Kf2 Bc4 21.Be3 f5 22.Bg5 Kf7
23.Bxe7 Kxe7 24.exf5 Rd2 25.Re1 Kf6 26.g4 Rc2 27.h4 h5 28.Ke3 Bxe2 29.Rxe2 Rxc3+
30.Kf2 hxg4 31.fxg4 Rc4 32.Kg3 Rc3+ 33.Kf2 Rc4 34.Kf3 Rxb4 35.Re3 b5 36.Rc3 Rf4+
37.Kg3 Rc4 38.Ra3 Ra4 39.Rc3 Rc4 40.Ra3 Ra4  1/2-1/2

[Event "80th ch-BRA 2013"]
[Site "Joao Pessoa BRA"]
[Date "2013.12.21"]
[Round "11.2"]
[White "Macedo,MIa"]
[Black "Mekhitarian,K"]
[Result "0-1"]
[WhiteElo "2369"]
[BlackElo "2566"]

1.d4 Nf6 2.c4 e6 3.Nc3 Bb4 4.f3 c5 5.d5 d6 6.e4 O-O 7.Bd3 b5 8.Ne2 Nbd7 9.dxe6 fxe6
10.cxb5 d5 11.O-O Bb7 12.exd5 exd5 13.Nf4 Re8 14.Bf5 Nf8 15.Kh1 Ba5 16.Qc2 g6
17.Bh3 c4 18.Na4 Qd6 19.Ne2 Rad8 20.Nac3 d4 21.Ne4 Nxe4 22.fxe4 Qc5 23.b4 Bxb4
24.Rxf8+ Rxf8 25.Be6+ Kg7 26.Ng3 d3  0-1

[Event "WYCC U16 Girls 2013"]
[Site "Al-Ain UAE"]
[Date "2013.12.23"]
[Round "7.5"]
[White "Mahalakshmi,M"]
[Black "Lingur,Zalina"]
[Result "1-0"]
[WhiteElo "2110"]
[BlackElo "2009"]

1.d4 Nf6 2.c4 e6 3.Nc3 Bb4 4.f3 d5 5.a3 Be7 6.e4 dxe4 7.fxe4 e5 8.d5 Bc5
9.Nf3 Bg4 10.h3 Bxf3 11.Qxf3 Nbd7 12.Bd3 c6 13.Be3 O-O 14.Bxc5 Nxc5 15.O-O Qb6
16.Rf2 a5 17.Raf1 Ne8 18.Kh1 Nd6 19.Qe3 Qa7 20.Rf3 f6 21.Rg3 Kh8 22.Ne2 a4
23.Rg4 Rf7 24.Rh4 Raf8 25.Ng3 g6 26.Be2 Qa5 27.Rg4 Nd7 28.Qh6 Rg8 29.dxc6 bxc6
30.Rd1 Qc5 31.Nf1 g5 32.Qh5 Rfg7 33.h4 gxh4 34.Rxh4 Qf2 35.Bf3 Nxc4 36.Rh2 Ne3
37.g3 Nxd1 38.Rxf2 Nxf2+ 39.Kg2 Nd3 40.Qf5 Nxb2 41.Be2 Re8 42.Ne3 Kg8 43.Qh5 Rf8
44.Nf5 Rg5 45.Qf3 c5 46.Qc3 Rb8 47.Qd2 Nf8 48.Qd5+ Kh8 49.Qd6 Nd7 50.Qxd7 Rgg8
51.Qd6 Rgf8 52.Qe7  1-0

[Event "WYCC U18 Open 2013"]
[Site "Al-Ain UAE"]
[Date "2013.12.24"]
[Round "8.37"]
[White "Doluweera,Dinul Thisura"]
[Black "Lkhagvasuren,Tsedvee"]
[Result "0-1"]
[WhiteElo "1803"]
[BlackElo "2292"]

1.d4 Nf6 2.c4 e6 3.Nc3 Bb4 4.f3 d5 5.a3 Be7 6.e4 dxe4 7.fxe4 e5 8.d5 Bc5
9.Qd3 Ng4 10.Nh3 O-O 11.Be2 f5 12.Bg5 Be7 13.Bxe7 Qxe7 14.O-O-O f4 15.Bf3 Ne3
16.Rd2 Qc5 17.Nd1 b5 18.b4 Qxc4+ 19.Kb1 Qxd3+ 20.Rxd3 Nc4 21.Nb2 c6 22.Nxc4 bxc4
23.Rc3 cxd5 24.exd5 Bf5+ 25.Kb2 e4 26.Be2 f3 27.gxf3 Bxh3 28.fxe4 Bg2 29.Re1 Nd7
30.Bxc4 Ne5 31.d6+ Kh8 32.Ba6 Rad8 33.Rd1 Bf3 34.Rd4 Bg4 35.Rd5 Nd7 36.Rg5 Be6
37.Rcg3 g6  0-1

[Event "Al-Ain Classic Open A 2013"]
[Site "Al-Ain UAE"]
[Date "2013.12.27"]
[Round "8.5"]
[White "Gupta,Ab"]
[Black "Kveinys,A"]
[Result "1-0"]
[WhiteElo "2608"]
[BlackElo "2534"]

1.d4 Nf6 2.c4 e6 3.Nc3 Bb4 4.f3 c6 5.a3 Ba5 6.e4 d6 7.Be3 e5 8.Ne2 Nbd7 9.Ng3 O-O
10.Be2 Bb6 11.O-O exd4 12.Bxd4 Bxd4+ 13.Qxd4 Qb6 14.Rfd1 Ne8 15.Nf5 Qxd4+
16.Nxd4 g6 17.b4 Ndf6 18.b5 c5 19.Nc2 Nh5 20.Rd2 Be6 21.g3 Nhg7 22.Ne3 f6
23.f4 Rc8 24.Bf3 Rf7 25.f5 Bd7 26.Ncd5 gxf5 27.exf5 Nxf5 28.Bh5 Nd4 29.Bxf7+ Kxf7
30.Rf2 Be6 31.Re1 Rd8 32.Kg2 b6 33.g4 Rb8 34.g5 f5 35.Nf4 Bc8 36.Ned5 Rb7
37.h4 Ng7 38.Nf6 Nge6 39.N4d5 Kg6 40.Ng8 Kf7 41.Nh6+ Kg6 42.Kg3 Rg7 43.Re3  1-0

[Event "Al-Ain Classic Open A 2013"]
[Site "Al-Ain UAE"]
[Date "2013.12.28"]
[Round "9.45"]
[White "Abdulkarim,A"]
[Black "Laabi Chian,M"]
[Result "0-1"]
[WhiteElo "1944"]
[BlackElo "2092"]

1.d4 Nf6 2.c4 e6 3.Nc3 Bb4 4.f3 d5 5.a3 Bxc3+ 6.bxc3 c5 7.cxd5 exd5 8.e3 O-O
9.Bd3 Re8 10.Ne2 Nc6 11.O-O cxd4 12.cxd4 Nh5 13.g4 Nf6 14.Qe1 g6 15.Qh4 Nd7
16.g5 f5 17.Nf4 Nf8 18.Bb1 Ne6 19.Ba2 Nxg5 20.Kh1 Be6 21.a4 Bf7 22.Qg3 Nb4
23.e4 Nxa2 24.exf5 Nxc1 25.fxg6 hxg6 26.Raxc1 Re3 27.Nxg6 Bxg6 28.h4 Qf6
29.hxg5 Qxd4 30.Rc7 Rf8 31.Rxb7 Rexf3 32.Rxf3 Be4 33.Kh2 Bxf3 34.a5 Be4  0-1

[Event "15th Czech Christmas"]
[Site "Litomysl CZE"]
[Date "2014.01.01"]
[Round "8.2"]
[White "Chojnacki,K"]
[Black "Petenyi,T"]
[Result "1/2-1/2"]
[WhiteElo "2405"]
[BlackElo "2469"]

1.d4 Nf6 2.c4 e6 3.Nc3 Bb4 4.f3 c5 5.d5 d6 6.e4 exd5 7.cxd5 O-O 8.Bd3 b5
9.Be3 Nbd7 10.Ne2 a6 11.O-O Re8 12.Bf2 Ne5 13.a3 Ba5 14.Bc2 Bd7 15.h3 Rc8
16.Nf4 Nc4 17.Bb3 Nxb2 18.Qc2 c4 19.Qxb2 cxb3 20.Rac1 Rc4 21.Qxb3 Qe7 22.Na2 Rec8
23.Rxc4 Rxc4 24.Nb4 Bxb4 25.axb4 Qe5 26.Qe3 h6 27.Rb1 Rc2 28.Nd3 Qc3 29.Ne1 Qxe3
30.Bxe3 Rc4 31.Kf2 Ne8 32.g4 h5 33.Ke2  1/2-1/2